Normal view
MARC view
- Salazar Paz y Puente, Consuelo
Entry Nombre Personal
001 - NUMERO DE CONTROL
- campo de control: 49180
003 - IDENTIFICADOR DE NUMERO DE CONTROL
- campo de control: MX-MxUPN
005 - FECHA Y HORA DE LA ÜLTIMA TRANSACCIÓN
- campo de control: 20230607115004.0
008 - DATOS DE LONGITUD FIJA
- campo de control de longitud fija: 230607|| aca||aabn | a|a d
040 ## - FUENTE DE CATALOGACIÓN
- Agencia original de catalogación: MX-MxUPN
- Lenguaje de catalogación: spa
- Agencia de transcripción: MX-MxUPN
100 1# - ENCABEZAMIENTO - NOMBRE PERSONAL
- Nombre personal: Salazar Paz y Puente, Consuelo
670 ## - FUENTE EN LA QUE SE LOCALIZARON DATOS
- Cita de la fuente: Aprovechamiento de los recursos audiovisuales en las escuelas primarias del Distrito Federal, 1979:
- Información localizada: portada (Consuelo Salazar Paz y Puente)
902 ## - CATALOGADOR
- Catalogador: Víctor Ruiz/070623
